=LDR 00000nam 2200000 4500 =001 INLIS000000000048454 =005 20161103095210.0 =006 =007 =008 =020 ##$$a 979-010-479-0 =035 ##$$0010-111600000000033 =082 ##$$2 22 $a 650.1 =090 ##$$a 650.1 $b Her b =100 ##$$a Hermawan Sukoasih =245 ##$$a Bisnis sambil jadi karyawan : 6 jurus menuju bisnis yang sukses $c Hermawan Sukoasih =250 ##$$a cet.2 =260 ##$$a Jakarta $b Bumi Aksara $c 2010 =300 ##$$a xiv, 198 hlm. $c 19 cm =500 ##$$a Bibliografi : hlm. 193-195 =650 ##$$a Bisnis Sukses